Statistics for 2015-2016 Stanley Cup Champion Penguins

Click here to take the quiz!

General Stats

  • This quiz has been taken 27 times
  • The average score is 11 of 32

Answer Stats

Number Name % Correct
87Sidney Crosby
79%
71Evgeni Malkin
71%
3Olli Maatta
71%
81Phil Kessel
67%
58Kris Letang
63%
72Patric Hornqvist
63%
29Marc-Andre Fleury
54%
62Carl Hagelin
54%
17Bryan Rust
50%
30Matt Murray
46%
8Brian Dumoulin
46%
4Justin Shultz
42%
43Connor Sheary
38%
7Matt Cullen
33%
14Chris Kunitz
33%
6Trevor Daley
29%
28Ian Cole
25%
19Beau Bennett
25%
23Scott Wilson
25%
34Tom Kuhnhackl
21%
13Nick Bonino
21%
57David Perron
17%
16Eric Fehr
17%
9Pascal Dupuis
17%
11Kevin Porter
13%
37Jeff Zatkoff
13%
12Ben Lovejoy
8%
51Derrick Pouliot
8%
40Oskar Sundqvist
8%
45Josh Archibald
8%
47Tom Sestito
4%
24Bobby Farnham
4%

Score Distribution

Percentile by Number Answered

Percent of People with Each Score

Your Score History

You have not taken this quiz